[Event "Gibraltar ChallWk1 13th"]
[Site "Gibraltar"]
[Date "2015.01.29"]
[Round "4.11"]
[White "Agrest, Inna"]
[Black "Jameson, David"]
[Result "1-0"]
[WhiteElo "2179"]
[BlackElo "2068"]
[PlyCount "110"]
[EventDate "2015.01.26"]
[EventType "swiss"]
[EventRounds "5"]
[EventCountry "GGB"]
[SourceTitle "BritBase"]
[Source "www.saund.co.uk"]
[SourceDate "2018.02.10"]
[SourceVersion "1"]
[SourceVersionDate "2018.02.10"]
[SourceQuality "1"]
[TimeControl "7200+1470"]
[WhiteClock "0:08:16"]
[BlackClock "0:01:16"]

1. e4 e5 2. Nf3 Nc6 3. Bb5 a6 4. Ba4 Nf6 5. d3 Bc5 6. O-O d6 7. c3 b5 8. Bc2
Bb6 9. a4 Bg4 10. Re1 O-O 11. h3 Bh5 12. Nbd2 Re8 13. Nf1 d5 14. Qe2 d4 15. Ng3
Bg6 16. axb5 axb5 17. Bg5 Qd6 18. Nh4 dxc3 19. bxc3 b4 20. Nhf5 Qe6 21. cxb4
Nxb4 22. Ba4 Red8 23. Bb5 Ra2 24. Rxa2 Qxa2 25. Qxa2 Nxa2 26. Ne7+ Kf8 27. Bxf6
gxf6 28. Nc6 Rd6 29. Ra1 Nc3 30. Ra8+ Kg7 31. Ne7 f5 32. Nexf5+ Kf6 33. Nxd6
cxd6 34. Bc4 Bc5 35. Kf1 Nb1 36. Ke2 Kg5 37. Rg8 Kf6 38. h4 h5 39. Nf1 Na3 40.
Nd2 Nc2 41. Nb3 Nd4+ 42. Nxd4 Bxd4 43. f3 Bc5 44. g4 Bh7 45. g5+ Ke7 46. Rg7
Bg6 47. Bxf7 Bxf7 48. g6 Kf6 49. Rxf7+ Kxg6 50. Rf5 Bd4 51. f4 exf4 52. Rxf4
Be5 53. Rf5 Bh2 54. d4 Kh6 55. Kf3 Bg1 1-0

[Event "Gibraltar ChallWk1 13th"]
[Site "Gibraltar"]
[Date "2015.01.29"]
[Round "4.12"]
[White "Rodriguez Alvarez, Vidal"]
[Black "Severijnen, Arjon"]
[Result "1-0"]
[WhiteElo "2122"]
[BlackElo "2172"]
[PlyCount "59"]
[EventDate "2015.01.26"]
[EventType "swiss"]
[EventRounds "5"]
[EventCountry "GGB"]
[SourceTitle "BritBase"]
[Source "www.saund.co.uk"]
[SourceDate "2018.02.10"]
[SourceVersion "1"]
[SourceVersionDate "2018.02.10"]
[SourceQuality "1"]
[TimeControl "7200+990"]
[WhiteClock "0:37:32"]
[BlackClock "0:08:30"]

1. d4 Nf6 2. c4 d6 3. Nc3 e5 4. dxe5 dxe5 5. Qxd8+ Kxd8 6. Nf3 Nbd7 7. Rg1 c6
8. g4 Bb4 9. Bd2 Ke7 10. g5 Ne8 11. Nd5+ cxd5 12. Bxb4+ Kd8 13. cxd5 a5 14. Bc3
f6 15. gxf6 gxf6 16. Bh3 b5 17. a3 Nd6 18. Rc1 Re8 19. Nd2 Nb6 20. Rg3 Nxd5 21.
Bxc8 Nxc3 22. Bh3 Nce4 23. Rd3 Ke7 24. Nxe4 Nxe4 25. Rd7+ Kf8 26. Rcc7 Ng5 27.
Bf5 Rad8 28. Rg7 Rd4 29. Bxh7 Nxh7 30. Rcf7# 1-0

[Event "Gibraltar ChallWk1 13th"]
[Site "Gibraltar"]
[Date "2015.01.29"]
[Round "4.13"]
[White "Fiori, Hector"]
[Black "Elishev, Ivan"]
[Result "1-0"]
[WhiteElo "2066"]
[BlackElo "2153"]
[PlyCount "91"]
[EventDate "2015.01.26"]
[EventType "swiss"]
[EventRounds "5"]
[EventCountry "GGB"]
[SourceTitle "BritBase"]
[Source "www.saund.co.uk"]
[SourceDate "2018.02.10"]
[SourceVersion "1"]
[SourceVersionDate "2018.02.10"]
[SourceQuality "1"]
[TimeControl "7200+1275"]
[WhiteClock "0:21:04"]
[BlackClock "0:00:28"]

1. e4 Nc6 2. Nf3 d6 3. d4 g6 4. h3 Bg7 5. Be3 e5 6. Nc3 exd4 7. Nxd4 Nge7 8.
Qd2 O-O 9. O-O-O f5 10. Bc4+ Kh8 11. Nxc6 bxc6 12. Bd4 Ng8 13. exf5 Bxf5 14. g4
Bd7 15. Ne4 Nf6 16. Nxf6 Rxf6 17. g5 Re6 18. Bxg7+ Kxg7 19. Qd4+ Kg8 20. Bxe6+
Bxe6 21. Rhe1 Qxg5+ 22. f4 Qf5 23. h4 c5 24. Qe4 Qxe4 25. Rxe4 Kf7 26. Rde1 Re8
27. b3 Kf6 28. Kb2 Kf5 29. Ka3 Re7 30. R4e3 h6 31. c3 a5 32. b4 cxb4+ 33. cxb4
axb4+ 34. Kxb4 c5+ 35. Kc3 d5 36. Re5+ Kf6 37. Kd2 Kf7 38. a4 Ra7 39. Rxe6 Rxa4
40. f5 g5 41. hxg5 hxg5 42. Rb1 Rf4 43. Rb7+ Kf8 44. Ra6 Re4 45. Rf6+ Kg8 46.
Re6 1-0

[Event "Gibraltar ChallWk1 13th"]
[Site "Gibraltar"]
[Date "2015.01.29"]
[Round "4.14"]
[White "Herman, Diego"]
[Black "Gieritz, Dietmar"]
[Result "1-0"]
[WhiteElo "2148"]
[BlackElo "2048"]
[PlyCount "231"]
[EventDate "2015.01.26"]
[EventType "swiss"]
[EventRounds "5"]
[EventCountry "GGB"]
[SourceTitle "BritBase"]
[Source "www.saund.co.uk"]
[SourceDate "2018.02.10"]
[SourceVersion "1"]
[SourceVersionDate "2018.02.10"]
[SourceQuality "1"]
[TimeControl "6600+1520"]
[WhiteClock "0:02:48"]
[BlackClock "0:06:57"]

1. e4 e6 2. d4 d5 3. e5 c5 4. c3 Nc6 5. Nf3 Qb6 6. Bd3 Bd7 7. O-O cxd4 8. cxd4
Nxd4 9. Nbd2 Nc6 10. Nb3 f6 11. Be3 Qc7 12. Nc5 g6 13. Rc1 Bg7 14. Nd4 fxe5 15.
Ndxe6 Bxe6 16. Nxe6 Qe7 17. Qg4 e4 18. Bb5 Nf6 19. Qh3 Kf7 20. Ng5+ Kg8 21.
Bxc6 bxc6 22. Rxc6 h6 23. Ne6 Rh7 24. Rc7 Qd6 25. Rfc1 Bf8 26. R7c6 Qb4 27. Bd4
Rf7 28. Qg3 Kh7 29. Bc3 Qe7 30. Bxf6 Rxf6 31. Rc7 Rxe6 32. Rxe7+ Rxe7 33. Rc7
Rxc7 34. Qxc7+ Bg7 35. Kf1 d4 36. Ke2 a5 37. Qc6 Rb8 38. b3 a4 39. Qxe4 axb3
40. axb3 Rxb3 41. Qd5 Rb2+ 42. Kf3 h5 43. h3 Rc2 44. g4 Rc3+ 45. Kg2 hxg4 46.
hxg4 Rd3 47. g5 Rd2 48. Qd7 Re2 49. Qh3+ Kg8 50. Qc8+ Kh7 51. Qh3+ Kg8 52. Qd3
Re5 53. Qxg6 d3 54. Qxd3 Rxg5+ 55. Kf3 Re5 56. Kg4 Kf7 57. f4 Re6 58. Qd7+ Kf6
59. Qd8+ Kf7 60. Qd5 Kf6 61. Qg5+ Kf7 62. Qh5+ Kf6 63. Qf5+ Ke7 64. Qd5 Kf6 65.
f5 Re5 66. Qd6+ Kf7 67. Qg6+ Kf8 68. f6 Bh8 69. Qh6+ Kg8 70. Qg6+ Kf8 71. Qh6+
Kg8 72. f7+ Kxf7 73. Qxh8 Rd5 74. Qh7+ Kf6 75. Qe4 Re5 76. Qc6+ Re6 77. Qd5 Re5
78. Qd4 Ke6 79. Kf4 Rf5+ 80. Ke4 Rh5 81. Qb6+ Kf7 82. Qc7+ Kg6 83. Qd6+ Kg5 84.
Qe6 Rh4+ 85. Kf3 Rf4+ 86. Kg3 Rf5 87. Qe3+ Kf6 88. Kg4 Re5 89. Qd4 Ke6 90. Kf4
Rh5 91. Qb6+ Kf7 92. Qc6 Ke7 93. Qc7+ Ke6 94. Qd8 Rf5+ 95. Ke4 Re5+ 96. Kd4 Rf5
97. Qe8+ Kf6 98. Ke4 Rg5 99. Qf8+ Kg6 100. Kf4 Rh5 101. Qe8+ Kh6 102. Kg4 Rg5+
103. Kh4 Rg7 104. Qe6+ Rg6 105. Qf7 Rg4+ 106. Kh3 Rg7 107. Qf4+ Kg6 108. Kg4
Rf7 109. Qg5+ Kh7 110. Kh5 Rg7 111. Qf5+ Kg8 112. Kh6 Rf7 113. Qc8+ Rf8 114.
Qe6+ Kh8 115. Qe5+ Kg8 116. Qg7# 1-0

[Event "Gibraltar ChallWk1 13th"]
[Site "Gibraltar"]
[Date "2015.01.29"]
[Round "4.15"]
[White "Agbabishvili, Lali"]
[Black "Dougherty, Michael"]
[Result "0-1"]
[WhiteElo "1978"]
[BlackElo "2138"]
[PlyCount "106"]
[EventDate "2015.01.26"]
[EventType "swiss"]
[EventRounds "5"]
[EventCountry "GGB"]
[SourceTitle "BritBase"]
[Source "www.saund.co.uk"]
[SourceDate "2018.02.10"]
[SourceVersion "1"]
[SourceVersionDate "2018.02.10"]
[SourceQuality "1"]
[TimeControl "7200+1450"]
[WhiteClock "0:02:02"]
[BlackClock "0:05:05"]

1. c4 g6 2. g3 Bg7 3. Bg2 d6 4. d3 e5 5. Nc3 Nc6 6. Nf3 Nge7 7. O-O h6 8. Rb1
a5 9. a3 Bg4 10. Nd5 Qd7 11. h3 Bxf3 12. Bxf3 Nxd5 13. cxd5 Nd4 14. Bg2 a4 15.
e4 O-O 16. Be3 Nb3 17. Kh2 f5 18. exf5 gxf5 19. f4 Rae8 20. Rf2 Re7 21. Qh5
exf4 22. Bxf4 Qe8 23. Bf3 Nc5 24. Rd1 Qxh5 25. Bxh5 Bd4 26. Rg2 Kh7 27. Rc2 b5
28. Kg2 Rb8 29. Rdd2 Re1 30. Re2 Rxe2+ 31. Rxe2 Bf6 32. Rc2 b4 33. axb4 Rxb4
34. Bc1 Rb3 35. Be2 Kg6 36. h4 Be5 37. h5+ Kg7 38. Kf3 Rb4 39. Kg2 Bf6 40. Be3
Rxb2 41. Rxb2 Bxb2 42. Bxc5 dxc5 43. Bd1 a3 44. Bb3 Kf6 45. Kf3 Kg5 46. Bc4
Kxh5 47. Kf4 Kg6 48. g4 Bc1+ 49. Kf3 fxg4+ 50. Kxg4 h5+ 51. Kh4 Bg5+ 52. Kg3
Kf6 53. Kf3 Ke5 0-1

[Event "Gibraltar ChallWk1 13th"]
[Site "Gibraltar"]
[Date "2015.01.29"]
[Round "4.16"]
[White "Dolzhikova, Olga"]
[Black "Boyer Censore, Giuseppe Enmanu"]
[Result "0-1"]
[WhiteElo "2194"]
[BlackElo "1960"]
[PlyCount "66"]
[EventDate "2015.01.26"]
[EventType "swiss"]
[EventRounds "5"]
[EventCountry "GGB"]
[SourceTitle "BritBase"]
[Source "www.saund.co.uk"]
[SourceDate "2018.02.10"]
[SourceVersion "1"]
[SourceVersionDate "2018.02.10"]
[SourceQuality "1"]
[TimeControl "7200+1370"]
[WhiteClock "0:11:28"]
[BlackClock "0:10:11"]

1. e4 c5 2. c3 d5 3. exd5 Qxd5 4. d4 g6 5. dxc5 Qxc5 6. Na3 a6 7. Nc4 Nd7 8.
Be3 Qc7 9. Qd4 Ngf6 10. Bf4 Qd8 11. Qe3 Bg7 12. Nd6+ Kf8 13. Nxc8 Nd5 14. Qf3
Nxf4 15. Qxf4 Rxc8 16. Rd1 Qc7 17. Qf3 Bf6 18. Nh3 Kg7 19. Be2 Rhd8 20. O-O Qb6
21. Rb1 Ne5 22. Qf4 h6 23. Qc1 Qe6 24. Ra1 Qf5 25. Rd1 Qe4 26. Bf1 Nc6 27. Re1
Qa4 28. Qe3 Ne5 29. f3 Qc2 30. Re2 Qf5 31. Rd2 Rxd2 32. Qxd2 Qxh3 33. f4 Qd7
0-1

[Event "Gibraltar ChallWk1 13th"]
[Site "Gibraltar"]
[Date "2015.01.29"]
[Round "4.17"]
[White "Gonzalez Gonzalez, Alfonso"]
[Black "Hamer, Martyn"]
[Result "1-0"]
[WhiteElo "2160"]
[BlackElo "2014"]
[PlyCount "49"]
[EventDate "2015.01.26"]
[EventType "swiss"]
[EventRounds "5"]
[EventCountry "GGB"]
[SourceTitle "BritBase"]
[Source "www.saund.co.uk"]
[SourceDate "2018.02.10"]
[SourceVersion "1"]
[SourceVersionDate "2018.02.10"]
[SourceQuality "1"]
[TimeControl "7200+1210"]
[WhiteClock "0:39:36"]
[BlackClock "0:42:39"]

1. d4 Nf6 2. Bg5 Ne4 3. Bh4 g5 4. f3 gxh4 5. fxe4 e5 6. Nf3 exd4 7. Qxd4 Rg8 8.
e5 Nc6 9. Qe4 Bg7 10. Qxh7 Kf8 11. Qe4 Qe7 12. Nc3 Nxe5 13. Nxh4 d6 14. Nd5 Qd8
15. g3 c6 16. Ne3 Qb6 17. Bg2 Be6 18. Rd1 d5 19. Qf4 Re8 20. O-O Ke7 21. Kh1
Kd7 22. c4 Kc8 23. cxd5 Bxd5 24. Nxd5 cxd5 25. Rxd5 1-0

[Event "Gibraltar ChallWk1 13th"]
[Site "Gibraltar"]
[Date "2015.01.29"]
[Round "4.18"]
[White "Odeh, Kenneth"]
[Black "Recklingloh, Frank"]
[Result "1-0"]
[WhiteElo "1982"]
[BlackElo "2133"]
[PlyCount "70"]
[EventDate "2015.01.26"]
[EventType "swiss"]
[EventRounds "5"]
[EventCountry "GGB"]
[SourceTitle "BritBase"]
[Source "www.saund.co.uk"]
[SourceDate "2018.02.10"]
[SourceVersion "1"]
[SourceVersionDate "2018.02.10"]
[SourceQuality "1"]

1. e4 c5 2. Nc3 d6 3. g3 Nc6 4. Bg2 g6 5. d3 Bg7 6. Be3 Rb8 7. Qd2 b5 8. Nge2
b4 9. Nd1 Nd4 10. O-O e6 11. f4 Ne7 12. c3 Nxe2+ 13. Qxe2 Ba6 14. c4 Nc6 15. e5
Nd4 16. Bxd4 cxd4 17. Bc6+ Kf8 18. exd6 Qxd6 19. Bg2 Re8 20. Nf2 f5 21. Rfe1 e5
22. fxe5 Rxe5 23. Qf3 Ke7 24. Nh3 Re3 25. Rxe3+ dxe3 26. Qxe3+ Kd8 27. Ng5 Kc8
28. Qf3 Bxb2 29. Qa8+ Kd7 30. Qxa7+ Kc8 31. c5 Qd4+ 32. Kh1 Qxd3 33. Qa8+ Kc7
34. Qc6+ Kb8 35. Re1 Rd8 1-0

[Event "Gibraltar ChallWk1 13th"]
[Site "Gibraltar"]
[Date "2015.01.29"]
[Round "4.19"]
[White "Wiedersich, Jens"]
[Black "Bengtsson, Jessica"]
[Result "1-0"]
[WhiteElo "2125"]
[BlackElo "1971"]
[PlyCount "101"]
[EventDate "2015.01.26"]
[EventType "swiss"]
[EventRounds "5"]
[EventCountry "GGB"]
[SourceTitle "BritBase"]
[Source "www.saund.co.uk"]
[SourceDate "2018.02.10"]
[SourceVersion "1"]
[SourceVersionDate "2018.02.10"]
[SourceQuality "1"]

1. d4 d5 2. c4 e6 3. Nf3 Nf6 4. g3 Be7 5. Bg2 O-O 6. O-O dxc4 7. Qc2 a6 8. Qxc4
b5 9. Qc2 Bb7 10. Bg5 Nd5 11. Bxe7 Qxe7 12. Nbd2 Rc8 13. Ne4 Nd7 14. Nc5 Nxc5
15. dxc5 Nb4 16. Qb1 f5 17. Qc1 Be4 18. Qc3 Nd5 19. Qe5 Qf6 20. Rac1 Rd8 21.
Rfd1 Qxe5 22. Nxe5 Bxg2 23. Kxg2 Ne7 24. Kf3 g5 25. h3 Kg7 26. a3 Rd5 27. Rxd5
Nxd5 28. Nc6 h5 29. e3 Kf6 30. Rd1 Ne7 31. Na5 Nd5 32. Rd2 Ke7 33. Nc6+ Ke8 34.
Rd4 Ne7 35. Ne5 g4+ 36. hxg4 hxg4+ 37. Ke2 Rd8 38. Kd3 Rd5 39. Rxd5 Nxd5 40. e4
Nf6 41. exf5 exf5 42. Kd4 Ke7 43. Nd3 Kf7 44. Ke5 Kg6 45. Ke6 a5 46. Ke7 Nd5+
47. Kd7 Kf7 48. Kc6 Ne7+ 49. Kxc7 Nd5+ 50. Kc6 Ke6 51. Nf4+ 1-0

[Event "Gibraltar ChallWk1 13th"]
[Site "Gibraltar"]
[Date "2015.01.29"]
[Round "4.21"]
[White "Maloberti, David"]
[Black "Rios Gonzalez, Jose Antonio"]
[Result "1-0"]
[WhiteElo "2108"]
[BlackElo "1933"]
[PlyCount "55"]
[EventDate "2015.01.26"]
[EventType "swiss"]
[EventRounds "5"]
[EventCountry "GGB"]
[SourceTitle "BritBase"]
[Source "www.saund.co.uk"]
[SourceDate "2018.02.10"]
[SourceVersion "1"]
[SourceVersionDate "2018.02.10"]
[SourceQuality "1"]

1. d4 Nf6 2. c4 c5 3. d5 e6 4. Nc3 exd5 5. cxd5 d6 6. e4 g6 7. h3 Bg7 8. Nf3
O-O 9. Be2 a6 10. a4 Re8 11. Qc2 Nbd7 12. O-O b6 13. Bf4 Ne5 14. Nd2 Nh5 15.
Bxh5 gxh5 16. Be3 Qh4 17. f4 Bxh3 18. fxe5 Bxg2 19. Kxg2 Bxe5 20. Rg1 Kh8 21.
Kf3 Qh2 22. Rg2 Qh3+ 23. Kf2 f5 24. Nf3 fxe4 25. Nxe4 Rf8 26. Neg5 Rxf3+ 27.
Nxf3 Rf8 28. Qe4 1-0

[Event "Gibraltar ChallWk1 13th"]
[Site "Gibraltar"]
[Date "2015.01.29"]
[Round "4.22"]
[White "Machlik, Edit"]
[Black "Mohnblatt, Daniel"]
[Result "1/2-1/2"]
[WhiteElo "1914"]
[BlackElo "1863"]
[PlyCount "66"]
[EventDate "2015.01.26"]
[EventType "swiss"]
[EventRounds "5"]
[EventCountry "GGB"]
[SourceTitle "BritBase"]
[Source "www.saund.co.uk"]
[SourceDate "2018.02.10"]
[SourceVersion "1"]
[SourceVersionDate "2018.02.10"]
[SourceQuality "1"]

1. d4 Nf6 2. c4 e6 3. Nc3 Bb4 4. Qc2 O-O 5. a3 Bxc3+ 6. Qxc3 d6 7. Bg5 Qe7 8.
Nf3 Nbd7 9. e3 b6 10. Be2 Bb7 11. O-O h6 12. Bh4 g5 13. Bg3 Ne4 14. Qc2 f5 15.
Bd3 Ndf6 16. Nd2 Nxd2 17. Qxd2 Ne4 18. Bxe4 Bxe4 19. d5 e5 20. f3 f4 21. fxe4
fxg3 22. hxg3 Qh7 23. Qc2 Rae8 24. Rxf8+ Rxf8 25. b4 Qd7 26. Qe2 Qf7 27. Rc1
Qg6 28. Qd3 Qf6 29. Rc2 h5 30. Rb2 g4 31. Qd1 Qg6 32. Qb1 Qg5 33. Qe1 Qg6
1/2-1/2

[Event "Gibraltar ChallWk1 13th"]
[Site "Gibraltar"]
[Date "2015.01.29"]
[Round "4.23"]
[White "Hermes, Geoff R"]
[Black "Suez-Panama, Gilles"]
[Result "1/2-1/2"]
[WhiteElo "1907"]
[BlackElo "2030"]
[PlyCount "55"]
[EventDate "2015.01.26"]
[EventType "swiss"]
[EventRounds "5"]
[EventCountry "GGB"]
[SourceTitle "BritBase"]
[Source "www.saund.co.uk"]
[SourceDate "2018.02.10"]
[SourceVersion "1"]
[SourceVersionDate "2018.02.10"]
[SourceQuality "1"]

1. e4 e6 2. d4 d5 3. Nd2 Nf6 4. e5 Nfd7 5. Bd3 c5 6. c3 Nc6 7. Ne2 cxd4 8. cxd4
f6 9. exf6 Qxf6 10. Nf3 h6 11. O-O Bd6 12. Be3 O-O 13. Ng3 Rd8 14. Bb1 Nf8 15.
Nh5 Qf7 16. Ng3 Bd7 17. a3 Rac8 18. Qd2 Be8 19. Ba2 Rd7 20. b4 b5 21. Rac1 Rdc7
22. Ne2 Ng6 23. Ne1 Nge7 24. Nd3 Nf5 25. f4 Qf6 26. Nc5 Bh5 27. Ng3 Bf7 28.
Nxf5 1/2-1/2

[Event "Gibraltar ChallWk1 13th"]
[Site "Gibraltar"]
[Date "2015.01.29"]
[Round "4.24"]
[White "Kandic, Milan"]
[Black "Bryant, Richard B E"]
[Result "1/2-1/2"]
[WhiteElo "2101"]
[BlackElo "1904"]
[PlyCount "70"]
[EventDate "2015.01.26"]
[EventType "swiss"]
[EventRounds "5"]
[EventCountry "GGB"]
[SourceTitle "BritBase"]
[Source "www.saund.co.uk"]
[SourceDate "2018.02.10"]
[SourceVersion "1"]
[SourceVersionDate "2018.02.10"]
[SourceQuality "1"]

1. e4 e6 2. d4 d5 3. Nc3 Bb4 4. e5 c5 5. a3 Bxc3+ 6. bxc3 Qa5 7. Bd2 Qa4 8. Qg4
Ne7 9. Qxg7 Rg8 10. Qxh7 cxd4 11. Ne2 Nbc6 12. f4 Bd7 13. Qd3 Nf5 14. g4 Ne3
15. Bxe3 dxe3 16. g5 Na5 17. Nd4 Nc4 18. Qh7 O-O-O 19. Bxc4 dxc4 20. Qe4 Rh8
21. Qxe3 Bc6 22. O-O Rh4 23. Rf2 Bd5 24. h3 Rdh8 25. Rh2 Kb8 26. Qg3 Qa5 27. a4
Qb6 28. a5 Qb2 29. Rf1 Qa3 30. a6 Qxa6 31. f5 Qa3 32. Rd1 Re4 33. fxe6 fxe6 34.
Nb5 Qc5+ 35. Nd4 Qa3 1/2-1/2

[Event "Gibraltar ChallWk1 13th"]
[Site "Gibraltar"]
[Date "2015.01.29"]
[Round "4.25"]
[White "Nilsen, Martin"]
[Black "O'Toole, George E"]
[Result "0-1"]
[WhiteElo "2011"]
[BlackElo "2242"]
[PlyCount "129"]
[EventDate "2015.01.26"]
[EventType "swiss"]
[EventRounds "5"]
[EventCountry "GGB"]
[SourceTitle "BritBase"]
[Source "www.saund.co.uk"]
[SourceDate "2018.02.10"]
[SourceVersion "1"]
[SourceVersionDate "2018.02.10"]
[SourceQuality "1"]

1. e4 e5 2. Nc3 Nf6 3. f4 d5 4. fxe5 Nxe4 5. Nf3 Nc6 6. Qe2 Bf5 7. Qb5 Nc5 8.
d4 a6 9. Bg5 Qd7 10. Qe2 Ne4 11. O-O-O Nxc3 12. bxc3 h6 13. Bh4 Ba3+ 14. Kd2
Na5 15. Qe3 g5 16. Bg3 Qe6 17. Rb1 b5 18. Bd3 Nc4+ 19. Bxc4 dxc4 20. Rhf1 O-O-O
21. Nxg5 hxg5 22. Qxg5 Bg6 23. Rf6 Qd5 24. Qg4+ Kb7 25. Rbf1 Be7 26. R6f2 Bh5
27. Qf5 Rdg8 28. Kc1 Bg5+ 29. Kb2 Be3 30. e6 fxe6 31. Qxd5+ exd5 32. Rf5 Be8
33. Re5 Bg5 34. Rxd5 Bc6 35. Rc5 Be7 36. Re5 Bd6 37. d5 Bd7 38. Re3 Bxg3 39.
hxg3 Rg7 40. Ka3 Rhg8 41. Rff3 Bg4 42. Rf6 Rd8 43. Re5 Rgd7 44. Rg6 Bd1 45. Kb4
Rxd5 46. Ree6 R5d6 47. Ka5 Bxc2 48. Rgf6 Be4 49. g4 Bxg2 50. g5 Rxe6 51. Rxe6
Rd6 52. Re5 Bc6 53. Rf5 Rd5 54. Rf6 Rxg5 55. a3 Rg1 56. a4 Ra1 57. Kb4 Rxa4+
58. Kc5 Bg2 59. Rg6 Ra2 60. Kb4 Rb2+ 61. Ka5 b4 62. Rg3 bxc3 63. Rxc3 Rb5+ 64.
Ka4 Bc6 65. Rxc4 0-1

[Event "Gibraltar ChallWk1 13th"]
[Site "Gibraltar"]
[Date "2015.01.29"]
[Round "4.27"]
[White "Byrn, Carsten"]
[Black "Ferreira, Oscar Luiz Vieira"]
[Result "1/2-1/2"]
[WhiteElo "2044"]
[BlackElo "1980"]
[PlyCount "63"]
[EventDate "2015.01.26"]
[EventType "swiss"]
[EventRounds "5"]
[EventCountry "GGB"]
[SourceTitle "BritBase"]
[Source "www.saund.co.uk"]
[SourceDate "2018.02.10"]
[SourceVersion "1"]
[SourceVersionDate "2018.02.10"]
[SourceQuality "1"]

1. d4 g6 2. c4 Bg7 3. e4 d6 4. Nc3 Nd7 5. Nf3 e5 6. d5 a6 7. h3 Ne7 8. g4 h5 9.
Rg1 hxg4 10. hxg4 b6 11. Be3 Nf6 12. Nd2 Bd7 13. Bd3 Qc8 14. f3 Qb7 15. Qe2 c5
16. dxc6 Nxc6 17. Nb3 Be6 18. Nd5 Nd7 19. Qf2 Bxd5 20. cxd5 Nb4 21. Bf1 Rc8 22.
Rc1 Nxa2 23. Rxc8+ Qxc8 24. Bxb6 Nc1 25. Na5 Nd3+ 26. Bxd3 Qc1+ 27. Ke2 Qxb2+
28. Kf1 Qxb6 29. Qxb6 Nxb6 30. Bxa6 Rh2 31. Rg2 Rh1+ 32. Rg1 1/2-1/2

[Event "Gibraltar ChallWk1 13th"]
[Site "Gibraltar"]
[Date "2015.01.29"]
[Round "4.28"]
[White "Schouten, Freek"]
[Black "Algars, Olle"]
[Result "1/2-1/2"]
[WhiteElo "2039"]
[BlackElo "1960"]
[PlyCount "60"]
[EventDate "2015.01.26"]
[EventType "swiss"]
[EventRounds "5"]
[EventCountry "GGB"]
[SourceTitle "BritBase"]
[Source "www.saund.co.uk"]
[SourceDate "2018.02.10"]
[SourceVersion "1"]
[SourceVersionDate "2018.02.10"]
[SourceQuality "1"]

1. d4 Nf6 2. c4 c5 3. d5 b5 4. cxb5 a6 5. bxa6 g6 6. Nc3 Bxa6 7. Nf3 Bg7 8. e4
Bxf1 9. Kxf1 d6 10. g3 O-O 11. Kg2 Nbd7 12. h3 Ra6 13. Re1 Qa8 14. Re2 Rb8 15.
Rb1 Ng4 16. Qc2 Nge5 17. Nxe5 Nxe5 18. b3 c4 19. b4 Nd3 20. b5 Ra5 21. Be3 Ra3
22. Nd1 Qa4 23. Qxa4 Rxa4 24. Rd2 Ne1+ 25. Kf1 c3 26. Kxe1 cxd2+ 27. Kxd2 Rxa2+
28. Kd3 Ra3+ 29. Ke2 Ra2+ 30. Kd3 Ra3+ 1/2-1/2

[Event "Gibraltar ChallWk1 13th"]
[Site "Gibraltar"]
[Date "2015.01.29"]
[Round "4.29"]
[White "Adewole, Adeyinka"]
[Black "Gostelow, David W"]
[Result "0-1"]
[WhiteElo "1962"]
[BlackElo "2036"]
[PlyCount "62"]
[EventDate "2015.01.26"]
[EventType "swiss"]
[EventRounds "5"]
[EventCountry "GGB"]
[SourceTitle "BritBase"]
[Source "www.saund.co.uk"]
[SourceDate "2018.02.10"]
[SourceVersion "1"]
[SourceVersionDate "2018.02.10"]
[SourceQuality "1"]

1. d4 d5 2. Nf3 Bf5 3. c4 e6 4. Nc3 c6 5. e3 Nf6 6. Be2 Bd6 7. Ne5 Qc7 8. f4
Ne4 9. O-O f6 10. Ng4 Nd7 11. c5 Be7 12. Nf2 Nxc3 13. bxc3 b6 14. cxb6 axb6 15.
Bh5+ Bg6 16. f5 exf5 17. Nd3 Bd6 18. Nf4 Kf7 19. Be2 Nf8 20. c4 Bxf4 21. Rxf4
Ne6 22. Rf1 Qd6 23. Qb3 Rhe8 24. g3 Nxd4 25. exd4 Rxe2 26. Qxb6 Rb8 27. Qa6
Rbe8 28. Rb1 Qe6 29. Qa7+ Kg8 30. Rb2 f4 31. Rb8 Qh3 0-1

[Event "Gibraltar ChallWk1 13th"]
[Site "Gibraltar"]
[Date "2015.01.29"]
[Round "4.31"]
[White "Machlik, Monika"]
[Black "Flanagan, Samuel"]
[Result "1-0"]
[WhiteElo "2015"]
[BlackElo "1766"]
[PlyCount "102"]
[EventDate "2015.01.26"]
[EventType "swiss"]
[EventRounds "5"]
[EventCountry "GGB"]
[SourceTitle "BritBase"]
[Source "www.saund.co.uk"]
[SourceDate "2018.02.10"]
[SourceVersion "1"]
[SourceVersionDate "2018.02.10"]
[SourceQuality "1"]

1. d4 d5 2. c4 c6 3. Nf3 Nf6 4. e3 a6 5. Bd3 e6 6. O-O dxc4 7. Bxc4 b5 8. Bd3
c5 9. a4 c4 10. Be2 Bb7 11. axb5 axb5 12. Rxa8 Bxa8 13. b3 Bd5 14. bxc4 bxc4
15. Bxc4 Be7 16. Bxd5 Qxd5 17. Ba3 Bxa3 18. Qa4+ Qd7 19. Qxa3 Qe7 20. Rc1 Qxa3
21. Nxa3 O-O 22. Nb5 Nbd7 23. Nd6 h6 24. Rc7 Rb8 25. Rc8+ Rxc8 26. Nxc8 Kf8 27.
Nd2 Ke8 28. Nd6+ Ke7 29. N6c4 Nd5 30. Kf1 N7b6 31. Nxb6 Nxb6 32. Ke2 f6 33. Kd3
g6 34. e4 Nd7 35. Nc4 g5 36. d5 Nc5+ 37. Ke3 Nb3 38. f3 Kd7 39. g3 Nc5 40. f4
exd5 41. exd5 f5 42. Nd2 Ke7 43. Kd4 Nd7 44. Nc4 Kf6 45. Ne5 Nf8 46. Kc5 gxf4
47. gxf4 h5 48. h4 Ke7 49. Kc6 Ke8 50. Kc7 Ke7 51. d6+ Ke6 1-0

[Event "Gibraltar ChallWk1 13th"]
[Site "Gibraltar"]
[Date "2015.01.29"]
[Round "4.32"]
[White "Nwoye, Nnamdi"]
[Black "Haddock, Paul"]
[Result "1-0"]
[WhiteElo "2015"]
[BlackElo "1639"]
[PlyCount "61"]
[EventDate "2015.01.26"]
[EventType "swiss"]
[EventRounds "5"]
[EventCountry "GGB"]
[SourceTitle "BritBase"]
[Source "www.saund.co.uk"]
[SourceDate "2018.02.10"]
[SourceVersion "1"]
[SourceVersionDate "2018.02.10"]
[SourceQuality "1"]

1. Nf3 Nf6 2. c4 g6 3. b4 Bg7 4. Bb2 O-O 5. g3 d6 6. Bg2 e5 7. d3 Nc6 8. b5 Ne7
9. O-O a6 10. a4 axb5 11. axb5 Rxa1 12. Bxa1 Nh5 13. Nbd2 f5 14. Qb3 h6 15. c5+
Kh7 16. Bb2 f4 17. cxd6 cxd6 18. d4 fxg3 19. hxg3 Bg4 20. dxe5 dxe5 21. Ne4 Qb6
22. Ba3 Be6 23. Qxe6 Qxe6 24. Neg5+ hxg5 25. Nxg5+ Kh6 26. Nxe6 Rf7 27. Bc1+ g5
28. Bxg5+ Kh7 29. Nd8 Kg6 30. Nxf7 Kxf7 31. Bxb7 1-0